Viajes al Estrecho de Magallanes 1579-1584. Recopilación de sus relaciones sobre los dos viajes al Estrecho y de sus cartas y memoriales. Con un apéndice documental sobre su vida y sus viajes. Edición y notas al cuidado de Angel Rosenblat. Prólogo de Armando Braun Menéndez. Con un Glosario de voces marítimas y antiguas y un Indice alfabético de nombres y materias
Guardat en:
| Autor principal: | |
|---|---|
| Format: | Llibre |
| Idioma: | espanyol |
| Publicat: |
Buenos Aires
Emecé Editores
1950
|
| Edició: | 1a. ed |
| Matèries: | |
| Etiquetes: |
Afegir etiqueta
Sense etiquetes, Sigues el primer a etiquetar aquest registre!
|
MARC
| LEADER | 00000nam a2200000 a 4500 | ||
|---|---|---|---|
| 001 | UCJ6508 | ||
| 003 | CL-VaPUC | ||
| 008 | 070124e19501015AG |||||||||||||||||spa|d | ||
| 082 | 0 | 4 | |a 910.4 |b SAR |2 21 |
| 100 | |a Sarmiento de Gamboa, Pedro, |d 1532?-1608? |e author |9 446042 | ||
| 245 | 1 | 0 | |a Viajes al Estrecho de Magallanes 1579-1584. Recopilación de sus relaciones sobre los dos viajes al Estrecho y de sus cartas y memoriales. Con un apéndice documental sobre su vida y sus viajes. Edición y notas al cuidado de Angel Rosenblat. Prólogo de Armando Braun Menéndez. Con un Glosario de voces marítimas y antiguas y un Indice alfabético de nombres y materias |
| 250 | |a 1a. ed | ||
| 300 | |a 2 v | ||
| 942 | |c BK | ||
| 945 | |d 20070124 00:00:00 |a rinostro | ||
| 260 | |a Buenos Aires |b Emecé Editores |c 1950 | ||
| 500 | |a Apostillado.- Mapas e ilustraciones sin indizar | ||
| 600 | 0 | 7 | |a BRAUN MENENDEZ, ARMANDO |2 CL-VaPUC |9 513250 |
| 600 | 0 | 7 | |a FLORES DE VALDES, DIEGO |2 CL-VaPUC |9 513251 |
| 650 | 0 | |a Viajes |9 257115 | |
| 650 | 0 | |a Descubrimientos geográficos |9 331933 | |
| 650 | 7 | |a BIOGRAFIA |2 CL-VaPUC |9 504622 | |
| 650 | 0 | |a Aborígenes |9 329972 | |
| 650 | 0 | |a Cultura |9 269059 | |
| 650 | 7 | |a DERROTAS NAUTICAS |2 CL-VaPUC |9 333989 | |
| 650 | 7 | |a NAOS |2 CL-VaPUC |9 505792 | |
| 650 | 7 | |a GLOSARIO NAUTICO |2 CL-VaPUC |9 507963 | |
| 650 | 7 | |a DOCUMENTOS |2 CL-VaPUC |9 366450 | |
| 650 | 0 | |a Correspondencia |9 258963 | |
| 650 | 0 | |a Mapas |9 260844 | |
| 650 | 7 | |a TRIPULACIONES |2 CL-VaPUC |9 507380 | |
| 650 | 7 | |a PASAJE |2 CL-VaPUC |9 513252 | |
| 650 | 0 | |a Inmigrantes |9 317882 | |
| 650 | 7 | |a BAJAS |2 CL-VaPUC |9 513253 | |
| 650 | 7 | |a BITACORA |2 CL-VaPUC |9 371736 | |
| 650 | 7 | |a DIARIO |2 CL-VaPUC |9 441581 | |
| 650 | 0 | |a Oficios |9 370802 | |
| 651 | 0 | |a Estrecho de Magallanes |9 354479 | |
| 651 | 0 | |a Chiloé |9 265209 | |
| 583 | |a last modification |c 20070124 00:00:00 |k Rodrigo Vera | ||
| 999 | |c 322611 |d 322609 | ||
| 952 | |0 0 |1 0 |4 0 |6 910_400000000000000_SAR_1950 |7 0 |8 X |9 401643 |a FDOBUD |b FDOBUD |d 2019-11-22 |h v.1 |i 1048929 |o 910.4 SAR 1950 |p 1048929 |r 2019-11-22 |w 2019-11-22 |y BK_X |k BUD | ||
| 952 | |0 0 |1 0 |4 0 |6 910_400000000000000_SAR_1950 |7 0 |8 X |9 401644 |a FDOBUD |b FDOBUD |d 2019-11-22 |h v.2 |i 1048937 |o 910.4 SAR 1950 |p 1048937 |r 2019-11-22 |w 2019-11-22 |y BK_X |k BUD | ||